| 000 | 00823nam a2200253 i 4500 | ||
|---|---|---|---|
| 001 | 13698 | ||
| 003 | ES-MaACL | ||
| 005 | 20250811081608.0 | ||
| 007 | t| | ||
| 008 | 980601s1997 sp ||||1| spa d | ||
| 020 | _a84-922335-6-7 | ||
| 080 | _a681.31.06:82 | ||
| 080 | _a82:681.31.06 | ||
| 100 | 0 |
_aIrizarry, Estelle, _d1937-2017 _965485 |
|
| 245 | 1 | 0 |
_aInformática y literatura _b: análisis de textos hispánicos / _cEstelle Irizarry. |
| 250 | _a1ª ed. | ||
| 260 |
_aBarcelona : _bProyecto A, _c1997. |
||
| 300 |
_a207 p. ; _c24 cm. |
||
| 490 | 1 |
_aCuadernos A. Biblioteca universitaria ; _v4. _aActualidad |
|
| 650 | 1 | 4 |
_aInformática y literatura. _913764 |
| 830 | 0 | 0 |
_aCuadernos A. _pBiblioteca universitaria _v4. _9228354 |
| 852 |
_aES-MaACL _jL-21043 _bR.126489 |
||
| 999 |
_c13698 _d13698 |
||